000 00544cam a2200181 a 4500
005 20260502115258.0
020 _a9788131509777
041 _aENG
082 _a658.404
_bKLO
100 1 _aKloppenborg, Timothy J.
245 1 0 _aContemporary project management /
_cTimothy J. Kloppenborg.
260 _aNew Delhi :
_bCengage Learning ,
_c2009.
300 _a436 pages :
_billustration ;
_c26 cm.
504 _aIncludes bibliographical references and index.
650 0 _aProject management.
650 0 _aStrategic planning.
942 _2ddc
_cBK
999 _c24321
_d24321